00420nam a2200181Ia 4500008004100000020001800041050001400059100001800073245002800091245001800119260001500137260001600152260000900168300001600177300002700193300001000220500000800230170918s9999 xx 000 0 und d a9780439536486 bL691 2003 aL'Homme, Eric aQuadehar the sorcerer / cEric L'Homme. aNew York : bScholastic, c2003 a275 pages : bcolored illustration ; c19cm. a780